书目信息 |
| 题名: |
化学传感器原理及应用
|
|
| 作者: | 左伯莉 , 刘国宏 主编 | |
| 分册: | ||
| 出版信息: | 北京 清华大学出版社 2007.06 |
|
| 页数: | 370页 | |
| 开本: | 24cm | |
| 丛书名: | ||
| 单 册: | ||
| 中图分类: | TP212.2 | |
| 科图分类: | ||
| 主题词: | 化学传感器--hua xue chuan gan qi | |
| 电子资源: | ||
| ISBN: | 978-7-302-14946-0 | |
| 000 | 00887nam0 2200253 450 | |
| 001 | 012008796786 | |
| 005 | 20080422112038.82 | |
| 010 | @a978-7-302-14946-0@dCNY39.80 | |
| 100 | @a20080422d2007 em y0chiy0120 ea | |
| 101 | 0 | @achi |
| 102 | @aCN@b110000 | |
| 105 | @aa z 000yy | |
| 106 | @ar | |
| 200 | 1 | @a化学传感器原理及应用@Ahua xue chuan gan qi yuan li ji ying yong@f左伯莉, 刘国宏主编@Fzuo bo li,liu guo hong zhu bian |
| 210 | @a北京@c清华大学出版社@d2007.06 | |
| 215 | @a370页@c图@d24cm | |
| 320 | @a有书目 | |
| 330 | @a本书共分6章,内容包括光学传感器、电化学传感器、质量传感器、热化学传感器,并介绍了模式识别和分子印迹等新技术在传感器中的应用。 | |
| 606 | 0 | @a化学传感器@Ahua xue chuan gan qi |
| 690 | @aTP212.2@v4 | |
| 701 | 0 | @a左伯莉@Azuo bo li@4主编 |
| 701 | 0 | @a刘国宏@Aliu guo hong@4主编 |
| 801 | 0 | @aCN@bQSSK@c20080422 |
| 905 | @b295957-58@dTP212.2@eZ989@f2 | |
| 化学传感器原理及应用/左伯莉, 刘国宏主编.-北京:清华大学出版社,2007.06 |
| 370页:图;24cm |
| ISBN 978-7-302-14946-0:CNY39.80 |
| 本书共分6章,内容包括光学传感器、电化学传感器、质量传感器、热化学传感器,并介绍了模式识别和分子印迹等新技术在传感器中的应用。 |
| ● |
| 相关链接 |
|
|
|
正题名:化学传感器原理及应用
索取号:TP212.2/Z989
 
预约/预借
| 序号 | 登录号 | 条形码 | 馆藏地/架位号 | 状态 | 备注 |
| 1 | 295957 | 202959575 | 自科二线504/504自科库 7排3列3层/ [索取号:TP212.2/Z989] | 在馆 | |
| 2 | 295958 | 202959584 | 自科二线504/504自科库 7排3列2层/ [索取号:TP212.2/Z989] | 在馆 |